Language Quiz

Random Language or Letter Quiz
Score 0/20 Timer 04:00
4 Plays Today
Word % Correct
ice
88.5%
ill
85.2%
ire
77.1%
inn
70.4%
its
68.8%
ick
64.7%
ink
61.7%
ion
60.9%
ich
60.3%
ilk
58.3%
Word % Correct
imp
57.1%
irk
54.1%
ins
53.9%
icy
53.1%
ifs
47.2%
ids
46.3%
ivy
45.7%
iff
40.4%
ism
31.3%
igg
25.3%
Remove Ads.
Support Sporcle.
Get the best of Sporcle when you Go Orange. This ad-free experience offers more features, more stats, and more fun while also helping to support Sporcle. Thank you for becoming a member.

You're not logged in!

Compare scores with friends on all Sporcle quizzes.
OR
Log In

Show Comments

Extras

Top Quizzes Today


Score Distribution

Your Account Isn't Verified!

In order to create a playlist on Sporcle, you need to verify the email address you used during registration. Go to your Sporcle Settings to finish the process.

Report this User

Report this user for behavior that violates our Community Guidelines.

Details: